书目信息 |
| 题名: |
Policies of architectural heritage conservation in East Asian and European countries
|
|
| 作者: | 许可 , 钱翔 著 | |
| 分册: | ||
| 出版信息: | 北京 中国建筑工业出版社 2021.06 |
|
| 页数: | XV, 252页 | |
| 开本: | 26cm | |
| 丛书名: | ||
| 单 册: | ||
| 中图分类: | TU-87 | |
| 科图分类: | ||
| 主题词: | 建筑--jian zhu--文化遗产--保护--制度--研究--东亚--英文 , 建筑--jian zhu--文化遗产--保护--制度--研究--欧洲--英文 | |
| 电子资源: | ||
| ISBN: | 978-7-112-25662-4 | |
| 000 | 01616nam0 2200301 450 | |
| 001 | 202021191066 | |
| 005 | 20211025120130.0 | |
| 010 | @a978-7-112-25662-4@dCNY80.00 | |
| 100 | @a20210919d2021 em y0chiy50 ba | |
| 101 | 0 | @aeng |
| 102 | @aCN@b110000 | |
| 105 | @ak a 000yy | |
| 106 | @ar | |
| 200 | 1 | @aPolicies of architectural heritage conservation in East Asian and European countries@fXu Ke, Qian Xiang |
| 210 | @a北京@c中国建筑工业出版社@d2021.06 | |
| 215 | @aXV, 252页@d26cm | |
| 314 | @a中文题名取自CIP数据 | |
| 314 | @a许可, 博士, 毕业于德国德累斯顿工业大学建筑学院, 现任教于重庆交通大学。钱翔, 博士, 毕业于德国弗莱贝格工业大学经济管理学院, 现于弗莱贝格工业大学从事博士后研究。 | |
| 320 | @a有书目 (第227-252页) | |
| 330 | @a本书在东亚和欧洲国家范围内选取了六个具有代表性的国家: 意大利、英国、德国、日本、中国、新加坡, 从建筑保护的立法发展、管理体制、资金政策等三个角度对他们的保护制度进行详实解读, 并以此为基础对东亚和欧洲国家的建筑遗产保护制度展开综合比较与深入分析。首先, 介绍了代表性国家的保护运动发展, 以此为背景来梳理这些国家在建筑遗产保护领域的立法发展, 总结出他们目前适用于各自建筑保护领域的主要保护法律法规。从文化遗产学角度对这些法律法规中涉及建筑保护的重点条款进行解读与分析, 通过比较发现东亚和欧洲国家在建筑保护立法中的异同之处。 | |
| 510 | 1 | @a东亚与欧洲建筑遗产保护制度@zchi |
| 606 | 0 | @a建筑@Ajian zhu@x文化遗产@x保护@x制度@x研究@y东亚@x英文 |
| 606 | 0 | @a建筑@Ajian zhu@x文化遗产@x保护@x制度@x研究@y欧洲@x英文 |
| 690 | @aTU-87@v5 | |
| 701 | 0 | @a许可@Axu ke@4著 |
| 701 | 0 | @a钱翔@Aqian xiang@4著 |
| 801 | 0 | @aCN@c20210909 |
| 905 | @a河南城建学院图书馆@dTU-87@eX871 | |
| Policies of architectural heritage conservation in East Asian and European countries/Xu Ke, Qian Xiang.-北京:中国建筑工业出版社,2021.06 |
| XV, 252页;26cm |
| ISBN 978-7-112-25662-4:CNY80.00 |
| 本书在东亚和欧洲国家范围内选取了六个具有代表性的国家: 意大利、英国、德国、日本、中国、新加坡, 从建筑保护的立法发展、管理体制、资金政策等三个角度对他们的保护制度进行详实解读, 并以此为基础对东亚和欧洲国家的建筑遗产保护制度展开综合比较与深入分析。首先, 介绍了代表性国家的保护运动发展, 以此为背景来梳理这些国家在建筑遗产保护领域的立法发展, 总结出他们目前适用于各自建筑保护领域的主要保护法律法规。从文化遗产学角度对这些法律法规中涉及建筑保护的重点条款进行解读与分析, 通过比较发现东亚和欧洲国家在建筑保护立法中的异同之处。 |
| ● |
| 相关链接 |
|
|
|
正题名:Policies of architectural heritage conse
索取号:TU-87/X871
 
预约/预借
| 序号 | 登录号 | 条形码 | 馆藏地/架位号 | 状态 | 备注 |
| 1 | 1540411 | 215404113 | 建筑库101/101建筑库 101排6列2层/ [索取号:TU-87/X871] | 在馆 | |
| 2 | 1540412 | 215404122 | 建筑库101/101建筑库 101排6列2层/ [索取号:TU-87/X871] | 在馆 |